[Event "FIDE World Cup 2025"]
[Site "Goa, India"]
[Date "2025.11.03"]
[Round "4.4"]
[White "Lobanov, Sergei"]
[Black "Piorun, Kacper"]
[Result "1/2-1/2"]
[TimeControl ": 90 minutes for the first 40 moves, followed by 30 minutes for the rest of the gamewith an increment of 30 seconds per move starting from move 1"]
[WhiteFideId "24183750"]
[BlackFideId "1130420"]
[WhiteElo "2526"]
[BlackElo "2557"]

1. c4 {[%clk 00:15:18]} {[%emt 00:00:02]} e6 {[%clk 00:14:52]} {[%emt
00:00:28]} 2. Nc3 {[%clk 00:15:26]} {[%emt 00:00:03]} d5 {[%clk 00:14:59]}
{[%emt 00:00:03]} 3. d4 {[%clk 00:15:35]} h6 {[%clk 00:14:57]} {[%emt
00:00:13]} 4. cxd5 {[%clk 00:14:51]} {[%emt 00:00:55]} exd5 {[%clk 00:15:05]}
{[%emt 00:00:01]} 5. Bf4 {[%clk 00:14:55]} {[%emt 00:00:06]} c6 {[%clk
00:15:07]} {[%emt 00:00:08]} 6. e3 {[%clk 00:14:45]} {[%emt 00:00:20]} Bd6
{[%clk 00:15:08]} {[%emt 00:00:09]} 7. Qf3 {[%clk 00:14:24]} {[%emt 00:00:31]}
Bxf4 {[%clk 00:13:29]} {[%emt 00:01:49]} 8. Qxf4 {[%clk 00:14:32]} {[%emt
00:00:02]} Qf6 {[%clk 00:13:31]} {[%emt 00:00:07]} 9. Qc7 {[%clk 00:14:12]}
{[%emt 00:00:31]} Ne7 {[%clk 00:12:53]} {[%emt 00:00:49]} 10. Nf3 {[%clk
00:13:07]} {[%emt 00:01:15]} O-O {[%clk 00:12:53]} {[%emt 00:00:10]} 11. Bd3
{[%clk 00:12:26]} {[%emt 00:00:51]} Nf5 {[%clk 00:12:26]} {[%emt 00:00:37]} 12.
Qf4 {[%clk 00:10:40]} {[%emt 00:01:56]} Qd6 {[%clk 00:12:30]} {[%emt 00:00:06]}
13. Ne5 {[%clk 00:10:47]} {[%emt 00:00:03]} f6 {[%clk 00:11:52]} {[%emt
00:00:48]} 14. Ng6 {[%clk 00:06:45]} {[%emt 00:04:11]} Qxf4 {[%clk 00:10:35]}
{[%emt 00:01:27]} 15. Nxf4 {[%clk 00:06:54]} {[%emt 00:00:01]} Nd6 {[%clk
00:10:45]} {[%emt 00:00:01]} 16. h4 {[%clk 00:06:56]} {[%emt 00:00:08]} Bf5
{[%clk 00:10:45]} {[%emt 00:00:10]} 17. Bxf5 {[%clk 00:06:54]} {[%emt
00:00:11]} Nxf5 {[%clk 00:10:54]} {[%emt 00:00:01]} 18. h5 {[%clk 00:07:03]}
Nd7 {[%clk 00:10:51]} {[%emt 00:00:13]} 19. O-O-O {[%clk 00:04:36]} {[%emt
00:02:37]} Nd6 {[%clk 00:10:54]} {[%emt 00:00:07]} 20. Rhe1 {[%clk 00:04:08]}
{[%emt 00:00:37]} f5 {[%clk 00:10:51]} {[%emt 00:00:13]} 21. b3 {[%clk
00:04:05]} {[%emt 00:00:13]} Nf6 {[%clk 00:10:59]} {[%emt 00:00:02]} 22. f3
{[%clk 00:04:08]} {[%emt 00:00:07]} Rfe8 {[%clk 00:11:06]} {[%emt 00:00:02]} 23.
Kd2 {[%clk 00:04:14]} {[%emt 00:00:04]} Nf7 {[%clk 00:10:17]} {[%emt 00:01:00]}
24. Nce2 {[%clk 00:03:58]} {[%emt 00:00:26]} Nd6 {[%clk 00:10:24]} {[%emt
00:00:03]} 25. Nc3 {[%clk 00:04:00]} {[%emt 00:00:08]} Nf7 {[%clk 00:10:33]}
{[%emt 00:00:02]} 26. Na4 {[%clk 00:04:07]} {[%emt 00:00:02]} Nd6 {[%clk
00:10:18]} {[%emt 00:00:24]} 27. Nc5 {[%clk 00:04:11]} {[%emt 00:00:06]} Rac8
{[%clk 00:10:10]} {[%emt 00:00:17]} 28. Rc1 {[%clk 00:04:20]} {[%emt 00:00:02]}
Ra8 {[%clk 00:10:13]} {[%emt 00:00:08]} 29. Ncd3 {[%clk 00:04:11]} {[%emt
00:00:19]} Rac8 {[%clk 00:10:06]} {[%emt 00:00:16]} 30. Rh1 {[%clk 00:03:58]}
{[%emt 00:00:23]} Re7 {[%clk 00:09:58]} {[%emt 00:00:17]} 31. Ne5 {[%clk
00:03:56]} {[%emt 00:00:13]} Rce8 {[%clk 00:09:42]} {[%emt 00:00:25]} 32. Rce1
{[%clk 00:03:38]} {[%emt 00:00:29]} Rc7 {[%clk 00:09:46]} {[%emt 00:00:07]} 33.
Nfd3 {[%clk 00:03:42]} {[%emt 00:00:06]} Rce7 {[%clk 00:09:50]} {[%emt
00:00:06]} 34. a4 {[%clk 00:03:43]} {[%emt 00:00:09]} a5 {[%clk 00:09:51]}
{[%emt 00:00:09]} 35. Rh4 {[%clk 00:02:57]} {[%emt 00:00:56]} Ra8 {[%clk
00:09:58]} {[%emt 00:00:03]} 36. Reh1 {[%clk 00:03:04]} {[%emt 00:00:03]} Kh7
{[%clk 00:09:29]} {[%emt 00:00:40]} 37. Rf4 {[%clk 00:03:11]} {[%emt 00:00:02]}
Rc7 {[%clk 00:09:11]} {[%emt 00:00:27]} 38. g4 {[%clk 00:02:21]} {[%emt
00:01:02]} fxg4 {[%clk 00:08:56]} {[%emt 00:00:24]} 39. Nxg4 {[%clk 00:02:29]}
{[%emt 00:00:01]} Nxg4 {[%clk 00:08:27]} {[%emt 00:00:40]} 40. Rxg4 {[%clk
00:02:39]} Ne8 {[%clk 00:08:32]} {[%emt 00:00:05]} 41. e4 {[%clk 00:01:50]}
{[%emt 00:00:59]} dxe4 {[%clk 00:08:28]} {[%emt 00:00:14]} 42. fxe4 {[%clk
00:01:59]} Rd8 {[%clk 00:08:09]} {[%emt 00:00:30]} 43. e5 {[%clk 00:01:17]}
{[%emt 00:00:52]} Rcd7 {[%clk 00:06:40]} {[%emt 00:01:38]} 44. Rhh4 {[%clk
00:00:59]} {[%emt 00:00:28]} b6 {[%clk 00:06:50]} 45. Rg6 {[%clk 00:00:48]}
{[%emt 00:00:21]} c5 {[%clk 00:06:35]} {[%emt 00:00:24]} 46. Rxb6 {[%clk
00:00:56]} {[%emt 00:00:02]} cxd4 {[%clk 00:06:44]} {[%emt 00:00:01]} 47. Rb5
{[%clk 00:00:45]} {[%emt 00:00:22]} Ra7 {[%clk 00:06:32]} {[%emt 00:00:22]} 48.
Nc5 {[%clk 00:00:39]} {[%emt 00:00:16]} Nc7 {[%clk 00:05:27]} {[%emt 00:01:15]}
49. Rb7 {[%clk 00:00:47]} {[%emt 00:00:02]} Rxb7 {[%clk 00:05:36]} {[%emt
00:00:01]} 50. Nxb7 {[%clk 00:00:56]} Rd5 {[%clk 00:05:45]} 51. Re4 {[%clk
00:00:54]} {[%emt 00:00:12]} Ne6 {[%clk 00:05:55]} {[%emt 00:00:01]} 52. Re1
{[%clk 00:00:43]} {[%emt 00:00:20]} d3 {[%clk 00:04:44]} {[%emt 00:01:20]} 53.
Re3 {[%clk 00:00:41]} {[%emt 00:00:13]} Kg8 {[%clk 00:04:27]} {[%emt 00:00:27]}
54. Rxd3 {[%clk 00:00:24]} {[%emt 00:00:27]} Rxe5 {[%clk 00:04:35]} {[%emt
00:00:01]} 55. Rd6 {[%clk 00:00:23]} {[%emt 00:00:11]} Nf4 {[%clk 00:04:22]}
{[%emt 00:00:23]} 56. Ra6 {[%clk 00:00:28]} {[%emt 00:00:05]} Rxh5 {[%clk
00:04:03]} {[%emt 00:00:29]} 57. Rxa5 {[%clk 00:00:32]} {[%emt 00:00:06]} Rxa5
{[%clk 00:03:18]} {[%emt 00:00:56]} 58. Nxa5 {[%clk 00:00:41]} Kf7 {[%clk
00:03:27]} 59. b4 {[%clk 00:00:25]} {[%emt 00:00:25]} Ke6 {[%clk 00:03:35]}
{[%emt 00:00:02]} 60. b5 {[%clk 00:00:24]} {[%emt 00:00:12]} Kd6 {[%clk
00:03:06]} {[%emt 00:00:40]} 61. Nc4+ {[%clk 00:00:24]} {[%emt 00:00:09]} Kc5
{[%clk 00:03:12]} {[%emt 00:00:04]} 62. Ne5 {[%clk 00:00:31]} {[%emt 00:00:03]}
Nd5 {[%clk 00:03:13]} {[%emt 00:00:08]} 63. Kd3 {[%clk 00:00:19]} {[%emt
00:00:24]} Nb6 {[%clk 00:03:17]} {[%emt 00:00:05]} 64. a5 {[%clk 00:00:23]}
{[%emt 00:00:07]} Kxb5 {[%clk 00:03:25]} {[%emt 00:00:01]} 1/2-1/2

[Event "FIDE World Cup 2025"]
[Site "Goa, India"]
[Date "2025.11.03"]
[Round "4.5"]
[White "Stremavicius, Titas"]
[Black "Bogner, Sebastian"]
[Result "1-0"]
[TimeControl ": 90 minutes for the first 40 moves, followed by 30 minutes for the rest of the gamewith an increment of 30 seconds per move starting from move 1"]
[WhiteFideId "12804444"]
[BlackFideId "4692055"]
[WhiteElo "2531"]
[BlackElo "2555"]

1. c4 {[%clk 00:15:18]} {[%emt 00:00:02]} e5 {[%clk 00:15:19]} {[%emt
00:00:01]} 2. Nf3 {[%clk 00:15:25]} {[%emt 00:00:02]} Nc6 {[%clk 00:14:49]}
{[%emt 00:00:40]} 3. Nc3 {[%clk 00:15:33]} {[%emt 00:00:02]} Nf6 {[%clk
00:14:54]} {[%emt 00:00:05]} 4. d4 {[%clk 00:15:40]} {[%emt 00:00:03]} exd4
{[%clk 00:15:01]} {[%emt 00:00:03]} 5. Nxd4 {[%clk 00:15:48]} {[%emt 00:00:01]}
Bb4 {[%clk 00:15:10]} {[%emt 00:00:02]} 6. g3 {[%clk 00:15:55]} {[%emt
00:00:03]} O-O {[%clk 00:14:53]} {[%emt 00:00:27]} 7. Bg2 {[%clk 00:16:03]}
{[%emt 00:00:02]} Bxc3+ {[%clk 00:14:58]} {[%emt 00:00:06]} 8. bxc3 {[%clk
00:16:11]} {[%emt 00:00:02]} Ne5 {[%clk 00:15:07]} {[%emt 00:00:02]} 9. c5
{[%clk 00:14:51]} {[%emt 00:01:29]} d6 {[%clk 00:12:22]} {[%emt 00:02:56]} 10.
cxd6 {[%clk 00:14:13]} {[%emt 00:00:48]} Qxd6 {[%clk 00:12:16]} {[%emt
00:00:16]} 11. O-O {[%clk 00:14:17]} {[%emt 00:00:05]} Rd8 {[%clk 00:11:05]}
{[%emt 00:01:22]} 12. Qc2 {[%clk 00:14:02]} {[%emt 00:00:24]} c5 {[%clk
00:08:48]} {[%emt 00:02:27]} 13. Nf5 {[%clk 00:13:34]} {[%emt 00:00:38]} Qe6
{[%clk 00:08:47]} {[%emt 00:00:12]} 14. Ne3 {[%clk 00:10:46]} {[%emt 00:02:57]}
Rb8 {[%clk 00:06:26]} {[%emt 00:02:31]} 15. c4 {[%clk 00:09:39]} {[%emt
00:01:17]} b6 {[%clk 00:06:19]} {[%emt 00:00:17]} 16. Nd5 {[%clk 00:06:38]}
{[%emt 00:03:11]} Ba6 {[%clk 00:05:03]} {[%emt 00:01:27]} 17. Bb2 {[%clk
00:04:03]} {[%emt 00:02:45]} Nxd5 {[%clk 00:03:39]} {[%emt 00:01:33]} 18. Bxd5
{[%clk 00:03:11]} {[%emt 00:01:03]} Rxd5 {[%clk 00:02:29]} {[%emt 00:01:19]} 19.
cxd5 {[%clk 00:03:19]} {[%emt 00:00:03]} Qxd5 {[%clk 00:02:38]} 20. Rad1 {[%clk
00:02:34]} {[%emt 00:00:55]} Qc4 {[%clk 00:02:00]} {[%emt 00:00:48]} 21. Qd2
{[%clk 00:01:30]} {[%emt 00:01:13]} Ng6 {[%clk 00:01:35]} {[%emt 00:00:35]} 22.
Rfe1 {[%clk 00:01:38]} {[%emt 00:00:02]} h5 {[%clk 00:01:08]} {[%emt 00:00:37]}
23. f3 {[%clk 00:01:14]} {[%emt 00:00:34]} h4 {[%clk 00:01:06]} {[%emt
00:00:12]} 24. Qc3 {[%clk 00:00:48]} {[%emt 00:00:36]} Qxc3 {[%clk 00:01:01]}
{[%emt 00:00:15]} 25. Bxc3 {[%clk 00:00:57]} {[%emt 00:00:02]} hxg3 {[%clk
00:01:10]} 26. hxg3 {[%clk 00:01:00]} {[%emt 00:00:07]} Bc4 {[%clk 00:01:04]}
{[%emt 00:00:17]} 27. a3 {[%clk 00:00:59]} {[%emt 00:00:12]} Nf8 {[%clk
00:00:56]} {[%emt 00:00:17]} 28. Kf2 {[%clk 00:01:02]} {[%emt 00:00:07]} f6
{[%clk 00:01:03]} {[%emt 00:00:03]} 29. g4 {[%clk 00:01:07]} {[%emt 00:00:04]}
Kf7 {[%clk 00:00:41]} {[%emt 00:00:33]} 30. g5 {[%clk 00:00:51]} {[%emt
00:00:26]} fxg5 {[%clk 00:00:16]} {[%emt 00:00:36]} 31. Rg1 {[%clk 00:00:59]}
b5 {[%clk 00:00:19]} {[%emt 00:00:07]} 32. Rxg5 {[%clk 00:00:40]} {[%emt
00:00:29]} Ne6 {[%clk 00:00:28]} {[%emt 00:00:01]} 33. Rf5+ {[%clk 00:00:46]}
{[%emt 00:00:05]} Ke7 {[%clk 00:00:38]} 34. Be5 {[%clk 00:00:23]} {[%emt
00:00:33]} Rh8 {[%clk 00:00:42]} {[%emt 00:00:06]} 35. Bd6+ {[%clk 00:00:22]}
{[%emt 00:00:10]} Ke8 {[%clk 00:00:46]} {[%emt 00:00:06]} 36. Ke3 {[%clk
00:00:16]} {[%emt 00:00:17]} a5 {[%clk 00:00:24]} {[%emt 00:00:33]} 37. Bxc5
{[%clk 00:00:21]} {[%emt 00:00:04]} Rh2 {[%clk 00:00:31]} {[%emt 00:00:02]} 38.
Rd2 {[%clk 00:00:23]} {[%emt 00:00:08]} g5 {[%clk 00:00:24]} {[%emt 00:00:18]}
39. a4 {[%clk 00:00:14]} {[%emt 00:00:19]} bxa4 {[%clk 00:00:17]} {[%emt
00:00:17]} 40. Bd6 {[%clk 00:00:23]} {[%emt 00:00:01]} Rh4 {[%clk 00:00:12]}
{[%emt 00:00:15]} 41. Rxa5 {[%clk 00:00:30]} {[%emt 00:00:03]} Bb3 {[%clk
00:00:20]} {[%emt 00:00:01]} 42. Ra7 {[%clk 00:00:35]} {[%emt 00:00:05]} Rh1
{[%clk 00:00:11]} {[%emt 00:00:20]} 43. Bb4 {[%clk 00:00:25]} {[%emt 00:00:19]}
Rd1 {[%clk 00:00:15]} {[%emt 00:00:07]} 1-0

[Event "FIDE World Cup 2025"]
[Site "Goa, India"]
[Date "2025.11.03"]
[Round "4.6"]
[White "Maksimovic, Bojan"]
[Black "Can, Emre"]
[Result "1-0"]
[TimeControl ": 90 minutes for the first 40 moves, followed by 30 minutes for the rest of the gamewith an increment of 30 seconds per move starting from move 1"]
[WhiteFideId "14408120"]
[BlackFideId "6302181"]
[WhiteElo "2532"]
[BlackElo "2552"]

1. Nf3 {[%clk 00:15:18]} {[%emt 00:00:01]} g6 {[%clk 00:15:15]} {[%emt
00:00:06]} 2. g3 {[%clk 00:15:18]} {[%emt 00:00:08]} Bg7 {[%clk 00:15:17]}
{[%emt 00:00:08]} 3. d4 {[%clk 00:15:21]} {[%emt 00:00:07]} c5 {[%clk
00:15:25]} {[%emt 00:00:03]} 4. c3 {[%clk 00:15:04]} {[%emt 00:00:27]} Qa5
{[%clk 00:15:26]} {[%emt 00:00:08]} 5. d5 {[%clk 00:14:00]} {[%emt 00:01:13]}
d6 {[%clk 00:15:30]} {[%emt 00:00:07]} 6. Bg2 {[%clk 00:14:08]} {[%emt
00:00:02]} Nf6 {[%clk 00:15:33]} {[%emt 00:00:07]} 7. O-O {[%clk 00:14:11]}
{[%emt 00:00:06]} O-O {[%clk 00:15:36]} {[%emt 00:00:07]} 8. Re1 {[%clk
00:13:42]} {[%emt 00:00:40]} Qc7 {[%clk 00:15:22]} {[%emt 00:00:24]} 9. e4
{[%clk 00:13:34]} {[%emt 00:00:18]} Bg4 {[%clk 00:14:47]} {[%emt 00:00:45]} 10.
h3 {[%clk 00:13:21]} {[%emt 00:00:23]} Bxf3 {[%clk 00:14:53]} {[%emt 00:00:04]}
11. Qxf3 {[%clk 00:13:30]} {[%emt 00:00:02]} Nbd7 {[%clk 00:14:48]} {[%emt
00:00:16]} 12. Qe2 {[%clk 00:13:34]} {[%emt 00:00:06]} c4 {[%clk 00:13:55]}
{[%emt 00:01:03]} 13. Be3 {[%clk 00:12:14]} {[%emt 00:01:29]} b5 {[%clk
00:13:16]} {[%emt 00:00:49]} 14. a4 {[%clk 00:12:10]} {[%emt 00:00:14]} a6
{[%clk 00:13:02]} {[%emt 00:00:25]} 15. Na3 {[%clk 00:12:19]} {[%emt 00:00:01]}
Rab8 {[%clk 00:11:41]} {[%emt 00:01:31]} 16. axb5 {[%clk 00:12:23]} {[%emt
00:00:06]} axb5 {[%clk 00:11:49]} {[%emt 00:00:02]} 17. Nc2 {[%clk 00:12:32]}
Nc5 {[%clk 00:11:53]} {[%emt 00:00:06]} 18. Nb4 {[%clk 00:12:20]} {[%emt
00:00:22]} Rb7 {[%clk 00:11:53]} {[%emt 00:00:11]} 19. Na6 {[%clk 00:10:19]}
{[%emt 00:02:11]} Nxa6 {[%clk 00:11:59]} {[%emt 00:00:03]} 20. Rxa6 {[%clk
00:10:28]} {[%emt 00:00:01]} Nd7 {[%clk 00:11:59]} {[%emt 00:00:10]} 21. f4
{[%clk 00:10:29]} {[%emt 00:00:09]} Nb8 {[%emt 00:01:33]} 22. Ra2 {[%clk
00:09:46]} Qc8 {[%clk 00:08:05]} {[%emt 00:03:33]} 23. Ra8 {[%clk 00:09:39]}
{[%emt 00:00:17]} e5 {[%clk 00:06:59]} {[%emt 00:01:16]} 24. dxe6 {[%clk
00:09:39]} {[%emt 00:00:10]} fxe6 {[%clk 00:07:07]} {[%emt 00:00:02]} 25. Qd2
{[%clk 00:07:37]} {[%emt 00:02:11]} Qc6 {[%clk 00:05:10]} {[%emt 00:02:07]} 26.
Rd1 {[%clk 00:07:20]} {[%emt 00:00:27]} Rd7 {[%clk 00:04:50]} {[%emt 00:00:31]}
27. Ra7 {[%clk 00:07:04]} {[%emt 00:00:27]} Rff7 {[%clk 00:04:30]} {[%emt
00:00:29]} 28. Rxd7 {[%clk 00:07:00]} {[%emt 00:00:14]} Rxd7 {[%clk 00:04:38]}
{[%emt 00:00:02]} 29. f5 {[%clk 00:06:23]} {[%emt 00:00:47]} e5 {[%clk
00:03:24]} {[%emt 00:01:23]} 30. Qd5+ {[%clk 00:05:46]} {[%emt 00:00:47]} Qxd5
{[%clk 00:03:26]} {[%emt 00:00:08]} 31. Rxd5 {[%clk 00:05:55]} {[%emt
00:00:01]} b4 {[%clk 00:03:19]} {[%emt 00:00:17]} 32. fxg6 {[%clk 00:04:01]}
{[%emt 00:02:04]} hxg6 {[%clk 00:03:17]} {[%emt 00:00:12]} 33. cxb4 {[%clk
00:04:08]} {[%emt 00:00:03]} Nc6 {[%clk 00:03:17]} {[%emt 00:00:10]} 34. b5
{[%clk 00:04:17]} {[%emt 00:00:02]} Nd4 {[%clk 00:02:27]} {[%emt 00:00:58]} 35.
Bf1 {[%clk 00:04:02]} {[%emt 00:00:25]} Kf8 {[%clk 00:01:39]} {[%emt 00:00:59]}
36. Bxc4 {[%clk 00:03:58]} {[%emt 00:00:14]} Rc7 {[%clk 00:01:47]} {[%emt
00:00:02]} 37. b3 {[%clk 00:03:32]} {[%emt 00:00:36]} Ke7 {[%clk 00:01:38]}
{[%emt 00:00:18]} 38. b6 {[%clk 00:02:42]} {[%emt 00:00:59]} Rb7 {[%clk
00:01:46]} {[%emt 00:00:02]} 39. Ra5 {[%clk 00:02:49]} {[%emt 00:00:03]} 1-0

[Event "FIDE World Cup 2025"]
[Site "Goa, India"]
[Date "2025.11.03"]
[Round "4.7"]
[White "Subelj, Jan"]
[Black "Kuybokarov, Temur"]
[Result "0-1"]
[TimeControl ": 90 minutes for the first 40 moves, followed by 30 minutes for the rest of the gamewith an increment of 30 seconds per move starting from move 1"]
[WhiteFideId "14618583"]
[BlackFideId "14203049"]
[WhiteElo "2545"]
[BlackElo "2535"]

1. Nf3 {[%clk 00:15:19]} d5 {[%clk 00:15:18]} {[%emt 00:00:03]} 2. g3 {[%clk
00:15:27]} {[%emt 00:00:02]} Nd7 {[%clk 00:15:25]} {[%emt 00:00:02]} 3. d4
{[%clk 00:15:36]} {[%emt 00:00:02]} Nb6 {[%clk 00:15:32]} {[%emt 00:00:03]} 4.
Nc3 {[%clk 00:15:35]} {[%emt 00:00:10]} Bf5 {[%clk 00:15:35]} {[%emt 00:00:07]}
5. Nh4 {[%clk 00:15:38]} {[%emt 00:00:07]} Bg4 {[%clk 00:15:42]} {[%emt
00:00:03]} 6. h3 {[%clk 00:15:38]} {[%emt 00:00:10]} Bh5 {[%clk 00:15:50]}
{[%emt 00:00:03]} 7. Ng2 {[%clk 00:15:44]} {[%emt 00:00:03]} e6 {[%clk
00:15:48]} {[%emt 00:00:12]} 8. Nf4 {[%clk 00:15:52]} {[%emt 00:00:03]} Bg6
{[%clk 00:15:56]} {[%emt 00:00:02]} 9. Bg2 {[%clk 00:15:59]} {[%emt 00:00:03]}
Nf6 {[%clk 00:15:59]} {[%emt 00:00:07]} 10. O-O {[%clk 00:15:19]} {[%emt
00:00:49]} Nc4 {[%clk 00:13:38]} {[%emt 00:02:32]} 11. Nxg6 {[%clk 00:14:28]}
{[%emt 00:01:01]} hxg6 {[%clk 00:13:45]} {[%emt 00:00:02]} 12. Qd3 {[%clk
00:14:34]} {[%emt 00:00:04]} Nd6 {[%clk 00:13:40]} {[%emt 00:00:16]} 13. Bf4
{[%clk 00:14:24]} {[%emt 00:00:19]} c6 {[%clk 00:12:25]} {[%emt 00:01:25]} 14.
Rad1 {[%clk 00:14:26]} {[%emt 00:00:08]} Be7 {[%clk 00:10:23]} {[%emt
00:02:12]} 15. b3 {[%clk 00:13:26]} {[%emt 00:01:11]} Nf5 {[%clk 00:08:33]}
{[%emt 00:02:01]} 16. Na4 {[%clk 00:12:29]} {[%emt 00:01:06]} Bd6 {[%clk
00:07:46]} {[%emt 00:00:57]} 17. Bc1 {[%clk 00:12:36]} {[%emt 00:00:02]} b5
{[%clk 00:06:12]} {[%emt 00:01:44]} 18. Nc5 {[%clk 00:11:48]} {[%emt 00:00:58]}
Bxc5 {[%clk 00:06:13]} {[%emt 00:00:10]} 19. dxc5 {[%clk 00:11:57]} {[%emt
00:00:01]} Qe7 {[%clk 00:06:22]} 20. c4 {[%clk 00:11:36]} {[%emt 00:00:30]}
Qxc5 {[%clk 00:06:00]} {[%emt 00:00:33]} 21. cxd5 {[%clk 00:11:09]} {[%emt
00:00:37]} cxd5 {[%clk 00:05:59]} {[%emt 00:00:10]} 22. g4 {[%clk 00:10:57]}
{[%emt 00:00:22]} Nd6 {[%clk 00:05:24]} {[%emt 00:00:46]} 23. Be3 {[%clk
00:10:54]} {[%emt 00:00:13]} Qc6 {[%clk 00:05:12]} {[%emt 00:00:22]} 24. Rc1
{[%clk 00:10:47]} {[%emt 00:00:17]} Qd7 {[%clk 00:05:20]} {[%emt 00:00:02]} 25.
Bf4 {[%clk 00:10:03]} {[%emt 00:00:53]} a6 {[%clk 00:04:48]} {[%emt 00:00:43]}
26. g5 {[%clk 00:09:43]} {[%emt 00:00:31]} Nh5 {[%clk 00:04:36]} {[%emt
00:00:21]} 27. Be5 {[%clk 00:09:49]} {[%emt 00:00:03]} Rd8 {[%clk 00:03:26]}
{[%emt 00:01:20]} 28. Rfd1 {[%clk 00:09:58]} {[%emt 00:00:01]} Qe7 {[%clk
00:03:22]} {[%emt 00:00:15]} 29. h4 {[%clk 00:08:44]} {[%emt 00:01:24]} O-O
{[%clk 00:03:16]} {[%emt 00:00:17]} 30. Rc6 {[%clk 00:08:51]} {[%emt 00:00:03]}
Nf5 {[%clk 00:03:15]} {[%emt 00:00:11]} 31. Qh3 {[%clk 00:07:49]} {[%emt
00:01:12]} Qb4 {[%clk 00:03:08]} {[%emt 00:00:18]} 32. Bc3 {[%clk 00:06:55]}
{[%emt 00:01:03]} Qa3 {[%clk 00:02:57]} {[%emt 00:00:20]} 33. Qg4 {[%clk
00:07:04]} {[%emt 00:00:01]} Rc8 {[%clk 00:02:52]} {[%emt 00:00:16]} 34. Bb4
{[%clk 00:05:01]} {[%emt 00:02:12]} Qxa2 {[%clk 00:03:00]} {[%emt 00:00:02]} 35.
Rcc1 {[%clk 00:05:10]} {[%emt 00:00:02]} Rxc1 {[%clk 00:02:58]} {[%emt
00:00:13]} 36. Rxc1 {[%clk 00:05:18]} {[%emt 00:00:01]} Re8 {[%clk 00:02:59]}
{[%emt 00:00:08]} 37. e3 {[%clk 00:03:46]} {[%emt 00:01:43]} Qxb3 {[%clk
00:02:47]} {[%emt 00:00:22]} 38. Be1 {[%clk 00:03:10]} {[%emt 00:00:46]} Qa3
{[%clk 00:02:37]} {[%emt 00:00:18]} 39. Rb1 {[%clk 00:03:02]} {[%emt 00:00:19]}
Rc8 {[%clk 00:02:33]} {[%emt 00:00:15]} 40. Kh2 {[%clk 00:03:06]} {[%emt
00:00:05]} Rc4 {[%clk 00:02:31]} {[%emt 00:00:12]} 41. e4 {[%clk 00:03:09]}
{[%emt 00:00:08]} dxe4 {[%clk 00:02:31]} {[%emt 00:00:11]} 42. Bf1 {[%clk
00:03:17]} {[%emt 00:00:02]} Ra4 {[%clk 00:02:15]} {[%emt 00:00:26]} 43. Rd1
{[%clk 00:03:15]} {[%emt 00:00:11]} Qe7 {[%clk 00:01:47]} {[%emt 00:00:39]} 44.
Rc1 {[%clk 00:03:05]} {[%emt 00:00:20]} e3 {[%clk 00:01:45]} {[%emt 00:00:11]}
45. Qg2 {[%clk 00:03:10]} {[%emt 00:00:05]} Rxh4+ {[%clk 00:01:26]} {[%emt
00:00:30]} 46. Kg1 {[%clk 00:03:19]} {[%emt 00:00:01]} Nf4 {[%clk 00:01:17]}
{[%emt 00:00:19]} 47. Qa8+ {[%clk 00:03:26]} {[%emt 00:00:02]} Kh7 {[%clk
00:01:25]} {[%emt 00:00:02]} 48. fxe3 {[%clk 00:02:59]} {[%emt 00:00:38]} Qxg5+
{[%clk 00:01:31]} {[%emt 00:00:03]} 49. Bg2 {[%clk 00:03:07]} {[%emt 00:00:02]}
Nh3+ {[%clk 00:01:20]} {[%emt 00:00:21]} 50. Kh2 {[%clk 00:03:05]} {[%emt
00:00:13]} Nf2+ {[%clk 00:01:26]} {[%emt 00:00:04]} 51. Kg1 {[%clk 00:03:14]}
Rh1+ {[%clk 00:01:34]} {[%emt 00:00:02]} 52. Kxf2 {[%clk 00:03:22]} {[%emt
00:00:02]} Qxe3# {[%clk 00:01:44]} {[%emt 00:00:02]} 0-1